000 00324nam a2200145Ia 4500
005 20251222152654.0
008 251222s9999||||xx |||||||||||||| ||spa||
020 _a9780072297045
082 _a194/B52
100 _aBiagio, D'Angelo
245 0 _aLetras de Derrida:
250 _a1ra.ed.
264 _bUCSS
942 _cLIB
999 _c28577
_d28577